| 000 | 00675 a2200217 4500 | ||
|---|---|---|---|
| 005 | 20241128125753.0 | ||
| 010 | _aB-761276 | ||
| 020 |
_a9789364681797 _c595.00 |
||
| 035 | _aB-761276 | ||
| 037 | _bGift/28.11.24 | ||
| 082 | _a540 | ||
| 100 |
_aBisht, B.S. _974236 |
||
| 245 |
_aS. Chand's ICSE Chemistry; _bAsper 2026 Syllabus for Class X Book 2/ _cB.S. Bisht, R. D. Madam [et...al] |
||
| 260 |
_aU.P. _bS. Chand's _c2025 |
||
| 270 | _aU. P. | ||
| 300 |
_a366 p. _c25cm (Pb) |
||
| 700 |
_966089 _aMadan R.D. |
||
| 700 |
_aPetrie. Nelson A. _974237 |
||
| 942 |
_adpl _cCH _2ddc _h540 _mBIS |
||
| 999 |
_c207138 _d207138 |
||